00640nam a2200205Ia 450000500170000000800410001704000190005804100120007708200130008910000210010224501210012326000320024430000260027650400500030263000200035263000290037265000130040165100100041485000100042420230609131213.0131103s9999 xx 000 0 und d aLoreto College aEnglish a938bEHR aEhrenberg,Victor aFrom Solon to Socratesb Greek History and civilization during the sixth and fifth centuries B.C. cVictor Ehrenberg aLondonbMethuen & Co.c1968 axv,493 p.b ill.,maps aIncludes bibliographical references and index aAncient History aGreece - Ancient History aSocrates aSolon aLCLIB